[Event "XIX C.to NATO"]
[Site "Bruxelles BEL"]
[Date "2008.08.07"]
[Round "6"]
[White "Gerardi, Saverio"]
[Black "Picart, Laurent"]
[Result "1-0"]
[WhiteElo "2176"]
[BlackElo "2114"]
[PlyCount "59"]
[EventDate "2008.08.04"]

1. e4 e5 2. Nc3 Nf6 3. Nf3 Bb4 4. Bc4 d6 5. O-O O-O 6. d3 Bxc3 7. bxc3 Nbd7 8.
Re1 Nc5 9. Bg5 Be6 10. Bb3 h6 11. Bh4 Qe7 12. d4 Nxb3 13. axb3 Bg4 14. h3 Bxf3
15. Qxf3 g5 16. Bg3 Rfe8 17. dxe5 dxe5 18. Red1 a6 19. h4 g4 20. Qe3 Kh7 21.
Ra5 Rad8 22. Rxd8 Qxd8 23. Rxe5 Qd1+ 24. Kh2 Rxe5 25. Bxe5 g3+ 26. Kxg3 Qg4+
27. Kh2 Qxh4+ 28. Kg1 Ng4 29. Qf4 Qe7 30. Qf5+ 1-0

[Event "XIX C.to NATO"]
[Site "Bruxelles BEL"]
[Date "2008.08.07"]
[Round "6"]
[White "Hole, Oystein"]
[Black "Tommasini, Enzo"]
[Result "1/2-1/2"]
[WhiteElo "2390"]
[BlackElo "2158"]
[PlyCount "74"]
[EventDate "2008.08.04"]

1. Nf3 Nf6 2. c4 c6 3. Nc3 d5 4. d4 e6 5. Bg5 Nbd7 6. e3 Qa5 7. cxd5 Nxd5 8.
Qd2 Bb4 9. Rc1 O-O 10. Bd3 Nxc3 11. bxc3 Ba3 12. Rb1 e5 13. c4 Qxd2+ 14. Kxd2
Re8 15. Bf5 exd4 16. exd4 f6 17. Bf4 c5 18. Bxd7 Bxd7 19. Rxb7 Bb4+ 20. Rxb4
cxb4 21. Be3 a5 22. d5 Kf7 23. Nd4 Re5 24. f3 h5 25. Bf4 Rc8 26. Rc1 Ke7 27.
Bxe5 fxe5 28. Ne2 h4 29. f4 Kd6 30. fxe5+ Kxe5 31. Kd3 g5 32. Nd4 Rf8 33. Re1+
Kd6 34. Re2 Rf1 35. g3 hxg3 36. hxg3 a4 37. Rh2 Kc5 1/2-1/2

[Event "XIX C.to NATO"]
[Site "Bruxelles BEL"]
[Date "2008.08.08"]
[Round "7"]
[White "Jauk, Wilhelm"]
[Black "Gerardi, Saverio"]
[Result "0-1"]
[WhiteElo "2101"]
[BlackElo "2176"]
[PlyCount "105"]
[EventDate "2008.08.04"]

1. d4 d5 2. c3 Nf6 3. Nf3 e6 4. Bg5 Be7 5. Nbd2 Nbd7 6. e3 b6 7. Bd3 Bb7 8. O-O
O-O 9. Rc1 Ne4 10. Bxe7 Qxe7 11. Ne1 f5 12. f4 Nxd2 13. Qxd2 c5 14. Nf3 Rf6 15.
Bb5 Nf8 16. Ne5 a6 17. Be2 Rh6 18. g4 Qh4 19. Rf2 fxg4 20. Bxg4 Bc8 21. Rg2 Ng6
22. Rf1 Qe7 23. Bd1 Nh4 24. Rg5 Rf6 25. Bc2 Bd7 26. Kh1 Be8 27. Rfg1 Ra7 28.
Qf2 Nf5 29. Ng4 Rf8 30. Ne5 Kh8 31. Bxf5 Rxf5 32. Qg2 Qf6 33. Rg3 Rc7 34. Qd2
Qf8 35. b4 cxb4 36. cxb4 Ba4 37. Rc1 Qc8 38. Rxc7 Qxc7 39. Rg1 Bc2 40. Rc1 Be4+
41. Kg1 Qd8 42. Qc3 Rf8 43. Qc7 Qf6 44. Qd6 h6 45. Rc7 Kh7 46. Qe7 Qxe7 47.
Rxe7 Rc8 48. Rxe6 Rc1+ 49. Kf2 Rc2+ 50. Ke1 Rxh2 51. a4 Ra2 52. a5 bxa5 53.
Rxa6 0-1

[Event "XIX C.to NATO"]
[Site "Bruxelles BEL"]
[Date "2008.08.08"]
[Round "7"]
[White "Marquinez Cabrejas, Francisco Javier"]
[Black "Donati, Roberto"]
[Result "0-1"]
[WhiteElo "2032"]
[BlackElo "2154"]
[PlyCount "77"]
[EventDate "2008.08.04"]

1. e4 c5 2. Nc3 Nc6 3. g3 g6 4. Bg2 Bg7 5. d3 d6 6. Be3 Rb8 7. Qd2 b5 8. Nge2
b4 9. Nd1 e5 10. c3 a5 11. O-O Ba6 12. c4 Nd4 13. f4 Bc8 14. h3 f6 15. g4 Bh6
16. fxe5 Bxe3+ 17. Nxe3 dxe5 18. Nd5 Nxe2+ 19. Qxe2 Be6 20. Rf2 Bxd5 21. cxd5
Ke7 22. d4 cxd4 23. Rc1 Rc8 24. Rff1 Rxc1 25. Rxc1 Kf7 26. Qa6 Ne7 27. Qe6+ Kg7
28. g5 fxg5 29. Qxe5+ Kh6 30. Qxd4 Rf8 31. Rf1 Rxf1+ 32. Bxf1 Nc6 33. Qe3 Ne5
34. h4 Qf6 35. Kg2 Ng4 36. hxg5+ Qxg5 37. Qxg5+ Kxg5 38. d6 Ne5 39. Bb5 0-1

[Event "XIX C.to NATO"]
[Site "Bruxelles BEL"]
[Date "2008.08.08"]
[Round "7"]
[White "Razola Garcia, Joaquin"]
[Black "Benedetti, Fabrizio"]
[Result "0-1"]
[WhiteElo "2105"]
[BlackElo "2191"]
[PlyCount "120"]
[EventDate "2008.08.04"]

1. e4 c5 2. d4 cxd4 3. c3 d3 4. Bxd3 Nc6 5. c4 d6 6. Be3 Nf6 7. f3 g6 8. Nc3
Bg7 9. Nge2 O-O 10. O-O a6 11. Rc1 Bd7 12. Qb3 Ne5 13. Bb6 Qc8 14. Nd5 Nxd5 15.
cxd5 Qe8 16. Nd4 Nxd3 17. Qxd3 Bb5 18. Nxb5 Qxb5 19. Qe3 Bh6 20. f4 Qxb2 21.
Rf2 Qb5 22. Bd4 Rac8 23. Rxc8 Rxc8 24. g4 Qb1+ 25. Kg2 Rc2 26. g5 Rxf2+ 27.
Kxf2 Qxa2+ 28. Kg3 Bf8 29. Bc3 Qc4 30. Qd4 Qxd4 31. Bxd4 Bg7 32. e5 Kf8 33. Kf3
Ke8 34. Ke4 Bf8 35. e6 fxe6 36. dxe6 Kd8 37. h4 Kc7 38. Kd5 b5 39. f5 gxf5 40.
h5 f4 41. h6 f3 42. g6 hxg6 43. h7 Bg7 44. Bxg7 f2 45. h8=Q f1=Q 46. Ke4 Qf5+
47. Ke3 Qxe6+ 48. Kd2 Qd5+ 49. Kc2 e5 50. Bf6 Qc4+ 51. Kd2 b4 52. Qd8+ Kc6 53.
Qa8+ Kb5 54. Qb7+ Ka4 55. Qd7+ Ka3 56. Kd1 Qf1+ 57. Kc2 b3+ 58. Kc3 Qf3+ 59.
Kd2 Qxf6 60. Qc6 Qf2+ 0-1

[Event "XIX C.to NATO"]
[Site "Bruxelles BEL"]
[Date "2008.08.08"]
[Round "7"]
[White "Tommasini, Enzo"]
[Black "Sypien, Mateusz"]
[Result "0-1"]
[WhiteElo "2158"]
[BlackElo "2217"]
[PlyCount "58"]
[EventDate "2008.08.04"]

1. d4 Nf6 2. Nf3 g6 3. Bf4 Bg7 4. e3 d6 5. h3 O-O 6. Be2 Nfd7 7. O-O e5 8. Bh2
Nc6 9. c3 Kh8 10. Qc2 f5 11. Nbd2 Qe7 12. dxe5 dxe5 13. a4 g5 14. e4 f4 15. b4
h5 16. Ne1 Nf6 17. f3 a5 18. b5 Nd8 19. Nd3 g4 20. fxg4 hxg4 21. hxg4 Bxg4 22.
Nc4 Nf7 23. Bf3 Qe6 24. Nd2 Rad8 25. Rad1 Ng5 26. Kf2 Kg8 27. Bg1 Bxf3 28. gxf3
Qh3 29. Ne1 Qh1 0-1

[Event "C.to Unione Europea U10"]
[Site "Mureck AUT"]
[Date "2008.08.09"]
[Round "4"]
[White "Antal, Tibor Kende"]
[Black "Spornberger, Andre"]
[Result "1-0"]
[WhiteElo "2036"]
[BlackElo "1554"]
[PlyCount "119"]
[EventDate "2008.08.06"]

1. e4 d5 2. exd5 Nf6 3. Nc3 Nxd5 4. Bc4 Nb6 5. Bb3 g6 6. Qf3 e6 7. d4 Qxd4 8.
Nge2 Qd8 9. Bf4 Bg7 10. Qg3 Na6 11. Nb5 Nd5 12. Rd1 O-O 13. c4 Qe8 14. Be5 Bd7
15. Bxg7 Kxg7 16. Nbd4 Nf6 17. Qe5 Ba4 18. g4 Bxb3 19. axb3 h6 20. f4 c5 21.
Nb5 Qc6 22. Ng3 Rad8 23. g5 Rxd1+ 24. Kxd1 Rd8+ 25. Kc1 Qd7 26. Qxf6+ Kh7 27.
Qc3 Nb4 28. Ne4 Na2+ 29. Kc2 Qc6 30. Qe5 Nb4+ 31. Kb1 Nd3 32. Nf6+ Kh8 33. Qe4
Qc8 34. Rd1 Nf2 35. Rxd8+ Qxd8 36. Qc2 hxg5 37. fxg5 Nd3 38. Qc3 Nb4 39. Ne8+
f6 40. Qxf6+ Qxf6 41. Nxf6 a6 42. Nc7 e5 43. Ne6 Nd3 44. h4 b5 45. h5 Nf4 46.
Nxf4 exf4 47. h6 bxc4 48. bxc4 a5 49. Ng4 a4 50. Ka2 f3 51. Ka3 f2 52. Nxf2 Kh7
53. Ne4 Kh8 54. Nxc5 Kh7 55. Kxa4 Kh8 56. b4 Kh7 57. b5 Kg8 58. b6 Kh8 59. b7
Kh7 60. Ne4 1-0

[Event "C.to Unione Europea U10"]
[Site "Mureck AUT"]
[Date "2008.08.14"]
[Round "9"]
[White "Secheres, Adrian-Simion"]
[Black "Spornberger, Andre"]
[Result "1-0"]
[WhiteElo "1732"]
[BlackElo "1554"]
[PlyCount "105"]
[EventDate "2008.08.06"]

1. e4 d5 2. exd5 Nf6 3. Bb5+ Nbd7 4. Nf3 Nxd5 5. d4 a6 6. Be2 g6 7. O-O Bg7 8.
c4 N5b6 9. Nc3 O-O 10. c5 e5 11. cxb6 cxb6 12. dxe5 Nxe5 13. Qxd8 Rxd8 14. Be3
b5 15. Rad1 Bg4 16. Nxe5 Bxe2 17. Nxe2 Bxe5 18. Bd4 Bxd4 19. Nxd4 Rd7 20. Nb3
Re7 21. Rfe1 Rae8 22. Kf1 Kf8 23. Rxe7 Rxe7 24. Rd2 b6 25. Re2 a5 26. Rxe7 Kxe7
27. Ke2 Kd6 28. Kd3 Kd5 29. Nd4 b4 30. a3 bxa3 31. bxa3 h6 32. h3 h5 33. h4 f6
34. g3 g5 35. hxg5 fxg5 36. Nf3 h4 37. Nxg5 hxg3 38. fxg3 b5 39. Ne4 b4 40.
axb4 axb4 41. Nd2 Ke5 42. Ke3 Kf5 43. Kf3 Kg5 44. g4 Kg6 45. Kf4 Kf6 46. g5+
Kg6 47. Kg4 Kg7 48. Kf5 Kf7 49. g6+ Kg8 50. Kf6 Kf8 51. g7+ Kg8 52. Kg6 b3 53.
Ne4 1-0

[Event "C.to Unione Europea U14"]
[Site "Mureck AUT"]
[Date "2008.08.07"]
[Round "2"]
[White "Gelip, Ioana"]
[Black "Spornberger, Maximilian"]
[Result "0-1"]
[WhiteElo "1700"]
[BlackElo "2020"]
[PlyCount "52"]
[EventDate "2008.08.06"]

1. e4 d5 2. exd5 Nf6 3. d4 Nxd5 4. Bc4 Nb6 5. Bb3 g6 6. Ne2 Bg7 7. O-O O-O 8.
c4 Nc6 9. c5 Nd5 10. Bxd5 Qxd5 11. Nbc3 Qd8 12. d5 Ne5 13. f4 Nd7 14. Be3 Nf6
15. h3 e6 16. d6 cxd6 17. cxd6 Bd7 18. Qb3 Bc6 19. Nb5 a6 20. Nc7 Rc8 21. Rad1
Nd5 22. Rxd5 Bxd5 23. Qb6 Qd7 24. Nc3 Bc6 25. Rd1 Rfd8 26. Ne2 Rxc7 0-1

[Event "C.to Unione Europea U14"]
[Site "Mureck AUT"]
[Date "2008.08.08"]
[Round "3"]
[White "Spornberger, Maximilian"]
[Black "Kantans, Toms"]
[Result "1/2-1/2"]
[WhiteElo "2020"]
[BlackElo "2148"]
[PlyCount "67"]
[EventDate "2008.08.06"]

1. d4 e6 2. Bf4 b6 3. e3 Bb7 4. Nf3 f5 5. Bd3 Nf6 6. Nbd2 Be7 7. h3 O-O 8. c3
d6 9. Qe2 Ne4 10. Rg1 Nd7 11. O-O-O Kh8 12. g4 Nxd2 13. Nxd2 Qe8 14. gxf5 exf5
15. Bg5 Bxg5 16. Rxg5 g6 17. Rdg1 Nf6 18. h4 Qf7 19. h5 Nxh5 20. Bxf5 gxf5 21.
Rxh5 Rg8 22. Rgg5 Rxg5 23. Rxg5 Rg8 24. Qh5 Qxh5 25. Rxh5 f4 26. exf4 Rg2 27.
f3 Rf2 28. Rh3 Kg7 29. f5 Bd5 30. c4 Bf7 31. f6+ Kg8 32. Kd1 Bg6 33. Ke1 Rg2
34. Rh4 1/2-1/2

[Event "C.to Unione Europea U14"]
[Site "Mureck AUT"]
[Date "2008.08.09"]
[Round "4"]
[White "Volcik, Ludek"]
[Black "Spornberger, Maximilian"]
[Result "1/2-1/2"]
[WhiteElo "1897"]
[BlackElo "2020"]
[PlyCount "69"]
[EventDate "2008.08.06"]

1. e4 d5 2. exd5 Nf6 3. Nf3 Nxd5 4. d4 g6 5. c4 Nb6 6. Nc3 Bg7 7. c5 Nd5 8. Bc4
Nxc3 9. bxc3 O-O 10. O-O Nc6 11. a4 Bg4 12. h3 Bxf3 13. Qxf3 Nxd4 14. cxd4 Qxd4
15. Bxf7+ Rxf7 16. Qxb7 Raf8 17. Be3 Qh4 18. Rad1 Be5 19. Qd5 Qf6 20. Bh6 e6
21. Qe4 Rb8 22. Be3 Qf5 23. Qc6 g5 24. Rd7 Rbf8 25. Bd4 Rxd7 26. Qxd7 Bxd4 27.
Qxd4 Qd5 28. Qe3 Rf5 29. Re1 Kf7 30. Qe2 Rf6 31. Qh5+ Kg7 32. Rd1 Qxc5 33. Rd7+
Kf8 34. Rd8+ Kg7 35. Rd7+ 1/2-1/2

[Event "C.to Unione Europea U14"]
[Site "Mureck AUT"]
[Date "2008.08.10"]
[Round "5"]
[White "Spornberger, Maximilian"]
[Black "Clarke, Brandon G.I."]
[Result "1/2-1/2"]
[WhiteElo "2020"]
[BlackElo "1911"]
[PlyCount "85"]
[EventDate "2008.08.06"]

1. d4 Nf6 2. Bf4 g6 3. e3 Bg7 4. Nf3 O-O 5. Be2 d5 6. O-O b6 7. h3 Bb7 8. Nbd2
Nbd7 9. c3 c5 10. Ne5 Nxe5 11. dxe5 Nd7 12. Nf3 h6 13. Qc2 e6 14. h4 Qc7 15.
Bd3 Nxe5 16. Nxe5 Bxe5 17. Bxh6 Bg7 18. Bg5 e5 19. h5 e4 20. Be2 f6 21. Bf4 Qf7
22. hxg6 Qxg6 23. Qd1 Bh6 24. Bh5 Qg7 25. Bxh6 Qxh6 26. Qg4+ Kh8 27. Qg6 Qxg6
28. Bxg6 f5 29. g3 Kg7 30. Bh5 Rh8 31. Be2 Bc8 32. f4 Be6 33. Kg2 Rad8 34. Rad1
Rh6 35. Rh1 Rxh1 36. Kxh1 Bf7 37. Kg2 a5 38. a3 Kf6 39. Kf2 Rh8 40. Kg2 Rd8 41.
Rd2 Be6 42. Rd1 Kg6 43. Rd2 1/2-1/2

[Event "C.to Unione Europea U14"]
[Site "Mureck AUT"]
[Date "2008.08.11"]
[Round "6"]
[White "Tomazini, Zan"]
[Black "Spornberger, Maximilian"]
[Result "0-1"]
[WhiteElo "2077"]
[BlackElo "2020"]
[PlyCount "160"]
[EventDate "2008.08.06"]

1. e4 d5 2. exd5 Qxd5 3. Nc3 Qd6 4. d4 Nf6 5. Bc4 Bg4 6. Nf3 Nc6 7. Be3 e6 8.
Qd2 Be7 9. O-O-O O-O-O 10. a3 a6 11. Ng5 Rhf8 12. f3 Bf5 13. Qe2 Na5 14. Ba2
Qc6 15. g4 Bg6 16. Nb1 Nd5 17. Ne4 Nxe3 18. Qxe3 Nc4 19. Bxc4 Qxc4 20. Nbc3 Kb8
21. Kb1 Qc6 22. Ng3 Qb6 23. Kc1 Bf6 24. Nge2 e5 25. Na4 Qc6 26. Qb3 exd4 27.
Kb1 Rfe8 28. Nf4 Re3 29. Nd3 Bxd3 30. Rxd3 Rxd3 31. cxd3 Qxf3 32. Rc1 Qd5 33.
Qc2 Be5 34. Nc5 Rd6 35. Qa4 Rc6 36. b4 Bd6 37. Ne4 Rxc1+ 38. Kxc1 Qc6+ 39. Qxc6
bxc6 40. h3 Kc8 41. Kc2 f6 42. Kb3 h5 43. Kc4 hxg4 44. hxg4 Be5 45. Nc5 g6 46.
Nxa6 f5 47. gxf5 gxf5 48. Nc5 f4 49. Ne4 f3 50. Nd2 f2 51. Nf1 Kb7 52. Kc5 Bg7
53. a4 Bf6 54. Nd2 Be7+ 55. Kc4 Kb6 56. Kb3 c5 57. b5 Bg5 58. Nf1 c6 59. bxc6
Kxc6 60. Kc4 Kb6 61. a5+ Kc6 62. a6 Be7 63. a7 Kb7 64. Kd5 Kxa7 65. Ke4 Bg5 66.
Kf3 Be3 67. Ke2 Kb6 68. Ng3 Kb5 69. Ne4 Kb4 70. Nd6 Kc3 71. Nb5+ Kb3 72. Nd6
Kc2 73. Nc4 f1=Q+ 74. Kxf1 Kxd3 75. Nd6 c4 76. Ke1 c3 77. Nf7 c2 78. Ne5+ Kc3
79. Ke2 c1=Q 80. Nf3 Qc2+ 0-1

[Event "C.to Unione Europea U14"]
[Site "Mureck AUT"]
[Date "2008.08.12"]
[Round "7"]
[White "Spornberger, Maximilian"]
[Black "Druska, Juraj"]
[Result "1/2-1/2"]
[WhiteElo "2020"]
[BlackElo "2062"]
[PlyCount "113"]
[EventDate "2008.08.06"]

1. Nf3 Nf6 2. g3 d5 3. Bg2 c5 4. O-O Nc6 5. d3 Bg4 6. Nbd2 Qd7 7. c4 d4 8. b4
cxb4 9. a3 bxa3 10. Bxa3 e5 11. Bxf8 Kxf8 12. Qb3 g6 13. Rfb1 Rb8 14. c5 Kg7
15. Nc4 Rhe8 16. Nd6 Re7 17. Ng5 h6 18. Ngxf7 Be6 19. Qb5 Nd5 20. Nxe5 Nxe5 21.
Rxa7 Qd8 22. Rxb7 Rexb7 23. Nxb7 Qc8 24. Rb2 Nc6 25. h4 Nd8 26. Qc4 Rxb7 27.
Bxd5 Rxb2 28. Qxd4+ Kh7 29. Qxb2 Bxd5 30. e4 Qxc5 31. exd5 Qxd5 32. Qa3 Kg7 33.
Kf1 Nc6 34. Qc3+ Nd4 35. Qc7+ Kf6 36. Qf4+ Ke6 37. Qg4+ Kf7 38. Qf4+ Kg7 39.
Qc7+ Qf7 40. Qe5+ Qf6 41. Qc7+ Kf8 42. Qc8+ Ke7 43. Qc7+ Ke6 44. Qc4+ Kd6 45.
Qb4+ Kc6 46. Qc3+ Kd7 47. Qc5 Qd6 48. Qa7+ Ke6 49. Qg7 Kf5 50. Qxh6 Ne6 51. g4+
Kf6 52. Qe3 Qf4 53. Qxf4+ Nxf4 54. d4 Ne6 55. Kg2 Nxd4 56. f4 Ne2 57. f5
1/2-1/2

[Event "C.to Unione Europea U14"]
[Site "Mureck AUT"]
[Date "2008.08.13"]
[Round "8"]
[White "Neves, Pedro"]
[Black "Spornberger, Maximilian"]
[Result "1/2-1/2"]
[WhiteElo "1941"]
[BlackElo "2020"]
[PlyCount "97"]
[EventDate "2008.08.06"]

1. e4 d5 2. exd5 Qxd5 3. Nc3 Qd6 4. d4 Nf6 5. g3 Bg4 6. Qd3 Nc6 7. Be3 e6 8.
Bg2 Be7 9. Nge2 O-O 10. a3 a6 11. O-O Rad8 12. Rad1 Bf5 13. Qd2 Qd7 14. Qc1 Qc8
15. h3 Nb8 16. g4 Bg6 17. Nf4 b6 18. Nxg6 hxg6 19. Ne2 c5 20. c4 Nc6 21. d5
exd5 22. cxd5 Nb8 23. Nc3 Bd6 24. Bg5 Rfe8 25. f4 Nbd7 26. f5 gxf5 27. Rxf5 Re5
28. Rdf1 Rde8 29. Bh4 Rxf5 30. Rxf5 Re5 31. Rf1 c4 32. Kh1 Bc5 33. Qf4 g5 34.
Bxg5 Be3 35. Qg3 Bxg5 36. h4 Be3 37. Rxf6 Nxf6 38. Qxe5 Nxg4 39. Qg3 Bf2 40.
Qh3 Be1 41. Nd1 f5 42. Bf3 Qd7 43. Qf1 Bxh4 44. Qxc4 Bg3 45. Kg2 Be5 46. Bxg4
fxg4 47. Qe4 Kg7 48. b3 Qc8 49. Ne3 1/2-1/2

[Event "C.to Unione Europea U14"]
[Site "Mureck AUT"]
[Date "2008.08.14"]
[Round "9"]
[White "Spornberger, Maximilian"]
[Black "Laurusas, Tomas"]
[Result "0-1"]
[WhiteElo "2020"]
[BlackElo "2078"]
[PlyCount "72"]
[EventDate "2008.08.06"]

1. d4 Nf6 2. Bf4 g6 3. e3 Bg7 4. Nf3 b6 5. Be2 Bb7 6. h3 O-O 7. O-O c5 8. c3 d6
9. Nbd2 Nbd7 10. a4 Re8 11. Bh2 a6 12. Re1 Bc6 13. Qc2 Qc7 14. e4 e5 15. d5 Bb7
16. Nc4 Rf8 17. Nfd2 Rae8 18. Rad1 Kh8 19. f4 b5 20. axb5 axb5 21. Na3 c4 22.
Nxb5 Qc5+ 23. Kh1 Qxb5 24. Nxc4 Qc5 25. b4 Qc7 26. Bd3 Nh5 27. fxe5 Nxe5 28.
Nxe5 Bxe5 29. Bxe5+ Rxe5 30. c4 Rc8 31. Rc1 Qe7 32. c5 dxc5 33. bxc5 Bxd5 34.
Qb2 Bc6 35. Ba6 Re8 36. Bc4 f6 0-1

[Event "VIII C.to Europeo seniores"]
[Site "Davos SUI"]
[Date "2008.08.09"]
[Round "1"]
[White "Profaizer, Gino"]
[Black "Arkhangelsky, Boris"]
[Result "0-1"]
[WhiteElo "2071"]
[BlackElo "2340"]
[PlyCount "56"]
[EventDate "2008.08.09"]

1. d4 d5 2. c4 c6 3. cxd5 cxd5 4. Nc3 Nf6 5. Nf3 Nc6 6. Bf4 a6 7. Rc1 e6 8. e3
Be7 9. Bd3 Nh5 10. Be5 Nxe5 11. Nxe5 Nf6 12. O-O O-O 13. a3 Nd7 14. Nf3 f5 15.
b4 Bd6 16. Qb3 Kh8 17. Nd2 Nf6 18. f4 Ng4 19. Nd1 Bd7 20. h3 Nf6 21. Nc3 Ne4
22. Ndxe4 fxe4 23. Be2 Qe7 24. Na4 Bxa4 25. Qxa4 g5 26. g3 gxf4 27. exf4 Qg7
28. Kg2 Bxf4 0-1

[Event "VIII C.to Europeo seniores"]
[Site "Davos SUI"]
[Date "2008.08.10"]
[Round "2"]
[White "Denzinger, Karl"]
[Black "Profaizer, Gino"]
[Result "0-1"]
[WhiteElo "1831"]
[BlackElo "2071"]
[PlyCount "68"]
[EventDate "2008.08.09"]

1. e4 c6 2. d4 d5 3. exd5 cxd5 4. c4 Nf6 5. Nc3 e6 6. Nf3 Be7 7. Bf4 O-O 8. c5
b6 9. b4 a5 10. a3 Ne4 11. Rc1 axb4 12. axb4 bxc5 13. dxc5 Nxc3 14. Rxc3 Bf6
15. Rb3 e5 16. Bg3 d4 17. Bd3 e4 18. Bxe4 Re8 19. Nd2 Bf5 20. f3 Be6 21. Rb1
Ra3 22. O-O Ba2 23. Qc1 Rc3 24. Qb2 Bxb1 25. Nxb1 Re3 26. Rd1 Qc8 27. Qc2 Na6
28. Be1 Qb8 29. Qc4 Nc7 30. Bf2 R3xe4 31. fxe4 Rxe4 32. Rxd4 Bxd4 33. Bxd4 Ne6
34. Be5 Qxe5 0-1

[Event "VIII C.to Europeo seniores"]
[Site "Davos SUI"]
[Date "2008.08.10"]
[Round "2"]
[White "Laco, Giuseppe"]
[Black "Jadrijevic, Ante"]
[Result "0-1"]
[WhiteElo "2132"]
[BlackElo "2250"]
[PlyCount "106"]
[EventDate "2008.08.09"]

1. c4 Nf6 2. Nc3 c5 3. e4 Nc6 4. f4 d6 5. d3 g6 6. Nf3 Bg7 7. g3 O-O 8. Bg2 a6
9. O-O Rb8 10. a4 Bd7 11. h3 Ne8 12. g4 f5 13. exf5 gxf5 14. g5 Nc7 15. h4 Nd4
16. h5 Bc6 17. h6 Bh8 18. Nh4 e6 19. Ne2 Qe8 20. Ng3 Qf7 21. Kh2 Bxg2 22. Kxg2
Nc6 23. Rb1 b5 24. axb5 axb5 25. Rh1 Rfd8 26. g6 hxg6 27. h7+ Kf8 28. Nf3 Ke7
29. Ng5 Qf8 30. b3 Nd4 31. Be3 Ra8 32. Rb2 Kd7 33. Bxd4 cxd4 34. Qf3 Rdb8 35.
Rc1 b4 36. Re1 Ra7 37. Rbe2 Re8 38. Nf1 Re7 39. Nd2 Qa8 40. Rh1 Qxf3+ 41. Kxf3
Ra2 42. Rh6 Rg7 43. Rg2 e5 44. fxe5 dxe5 45. Ke2 Ke7 46. Kd1 Ra6 47. Re2 Kf6
48. Ngf3 Ra5 49. Rf2 Ne6 50. Nh4 Nf4 51. Nxf5 Kxf5 52. Rfh2 Ra1+ 53. Kc2 Rga7
0-1

[Event "VIII C.to Europeo seniores"]
[Site "Davos SUI"]
[Date "2008.08.11"]
[Round "3"]
[White "Profaizer, Gino"]
[Black "Gundersen, Helge"]
[Result "0-1"]
[WhiteElo "2071"]
[BlackElo "2254"]
[PlyCount "70"]
[EventDate "2008.08.09"]

1. d4 e6 2. c4 f5 3. Nc3 Nf6 4. g3 d5 5. cxd5 exd5 6. Bg2 c6 7. Nh3 Bd6 8. Bf4
Be7 9. O-O O-O 10. Rb1 a5 11. a3 Na6 12. Qb3 Nc7 13. Bxc7 Qxc7 14. Rbc1 Qd8 15.
Nf4 Kh8 16. Rcd1 Bd6 17. Nd3 g5 18. e3 f4 19. Ne5 Qe8 20. exf4 gxf4 21. Ne2
fxg3 22. fxg3 Bxe5 23. dxe5 Qxe5 24. Nf4 a4 25. Qb4 Bf5 26. Rfe1 Be4 27. Bxe4
Nxe4 28. Qxb7 Rab8 29. Qxc6 Rxf4 30. Qxd5 Qxb2 31. Re2 Qxe2 32. Qe5+ Rf6 33.
Qxb8+ Kg7 34. Qb1 Qf2+ 35. Kh1 Nxg3+ 0-1

[Event "VIII C.to Europeo seniores"]
[Site "Davos SUI"]
[Date "2008.08.14"]
[Round "6"]
[White "Laco, Giuseppe"]
[Black "Lotsov Har-Zahav, Avraham"]
[Result "1-0"]
[WhiteElo "2132"]
[BlackElo "2067"]
[PlyCount "93"]
[EventDate "2008.08.09"]

1. c4 e5 2. Nc3 d6 3. g3 f5 4. Bg2 Ne7 5. d3 c6 6. e4 g6 7. Nge2 Bg7 8. Bg5 h6
9. Be3 O-O 10. h4 Be6 11. Qd2 Kh7 12. O-O-O Qa5 13. Nb1 Qxd2+ 14. Nxd2 d5 15.
Bc5 Rf7 16. Bxe7 Rxe7 17. exd5 cxd5 18. cxd5 Bf7 19. Kb1 Na6 20. Nc3 Rd7 21.
Nc4 b5 22. Nxb5 Bxd5 23. Bxd5 Rxd5 24. Nc3 Rd7 25. Rhe1 Re8 26. f4 e4 27. dxe4
Rxd1+ 28. Nxd1 fxe4 29. Nd6 Re6 30. Nxe4 Nc5 31. Ndf2 Bd4 32. Rd1 Nxe4 33. Rxd4
Nxf2 34. Rd7+ Kh8 35. Rxa7 Re2 36. Rd7 Re1+ 37. Kc2 Re2+ 38. Rd2 Rxd2+ 39. Kxd2
Ne4+ 40. Kd3 Nxg3 41. a4 Nf5 42. a5 Nd6 43. a6 Nc8 44. Kd4 Kg7 45. Kc5 Kf6 46.
b4 Kf5 47. b5 1-0

[Event "VIII C.to Europeo seniores"]
[Site "Davos SUI"]
[Date "2008.08.14"]
[Round "6"]
[White "Ovesen, Karsten"]
[Black "Profaizer, Gino"]
[Result "0-1"]
[WhiteElo "1925"]
[BlackElo "2071"]
[PlyCount "80"]
[EventDate "2008.08.09"]

1. d4 d5 2. Nf3 Nf6 3. Bg5 Ne4 4. Bh4 c5 5. dxc5 Qa5+ 6. c3 Qxc5 7. e3 Nc6 8.
Bd3 Bg4 9. h3 Bh5 10. Be2 e6 11. Nbd2 Nxd2 12. Nxd2 Bg6 13. Qb3 Rb8 14. Bg3 Bd6
15. Bxd6 Qxd6 16. Qa4 O-O 17. O-O a6 18. Rad1 Qc5 19. Nb3 Qa7 20. Nd4 Rfc8 21.
Rd2 b5 22. Nxc6 Rxc6 23. Qf4 Rbc8 24. Rfd1 h6 25. a4 Rb6 26. axb5 axb5 27. Qd4
Qa5 28. Kh2 b4 29. c4 dxc4 30. Bxc4 b3 31. Bd3 Rb4 32. Qd7 Rd8 33. Qe7 Rbb8 34.
Bxg6 Rxd2 35. Bxf7+ Kh8 36. Rxd2 Qxd2 37. Be8 Qxf2 38. Qxe6 Qxb2 39. Bg6 Qf6
40. Qg4 Qe5+ 0-1

[Event "VIII C.to Europeo seniores"]
[Site "Davos SUI"]
[Date "2008.08.15"]
[Round "7"]
[White "Karl, Hans"]
[Black "Profaizer, Gino"]
[Result "1-0"]
[WhiteElo "2246"]
[BlackElo "2071"]
[PlyCount "75"]
[EventDate "2008.08.09"]

1. e4 c6 2. d4 d5 3. e5 Bf5 4. c4 e6 5. a3 Ne7 6. Nc3 dxc4 7. Bxc4 Nd5 8. Nge2
Be7 9. Ng3 Bg6 10. O-O O-O 11. f4 Nxc3 12. bxc3 b5 13. Be2 Nd7 14. f5 exf5 15.
Nxf5 Bxf5 16. Rxf5 Nb6 17. Bd3 g6 18. Rf3 Nd5 19. Bd2 f5 20. Rh3 Rf7 21. g4 f4
22. Qf3 Qd7 23. Kh1 Raf8 24. a4 a6 25. axb5 axb5 26. Be4 Qb7 27. Qd3 Rd8 28.
Rf1 Bg5 29. Rhf3 Qd7 30. h3 Nb6 31. Bxf4 Bxf4 32. Rxf4 Rxf4 33. Rxf4 b4 34. Rf6
bxc3 35. Rd6 c2 36. Qxc2 Qe7 37. Qxc6 Rxd6 38. exd6 1-0

[Event "VIII C.to Europeo seniores"]
[Site "Davos SUI"]
[Date "2008.08.15"]
[Round "7"]
[White "Laco, Giuseppe"]
[Black "Keserovic, Milan"]
[Result "1-0"]
[WhiteElo "2132"]
[BlackElo "2229"]
[PlyCount "54"]
[EventDate "2008.08.09"]

1. c4 c5 2. Nc3 Nc6 3. f4 e6 4. e4 Nge7 5. Nf3 b6 6. g3 Bb7 7. Bg2 d5 8. cxd5
exd5 9. e5 d4 10. Ne4 Nd5 11. O-O Be7 12. Nfg5 Ncb4 13. a3 h6 14. Nxf7 Kxf7 15.
axb4 c4 16. f5 Bxb4 17. Qh5+ Kf8 18. f6 Qe8 19. Qg4 g5 20. e6 Qg6 21. h4 a5 22.
h5 Qh7 23. e7+ Nxe7 24. fxe7+ Kxe7 25. Nf6 Qg7 26. Bxb7 Ra7 27. Qd7+ Kf8 1-0

[Event "VIII C.to Europeo seniores"]
[Site "Davos SUI"]
[Date "2008.08.17"]
[Round "9"]
[White "Laco, Giuseppe"]
[Black "Khropov, Boris"]
[Result "0-1"]
[WhiteElo "2132"]
[BlackElo "2247"]
[PlyCount "82"]
[EventDate "2008.08.09"]

1. c4 e5 2. Nc3 Nf6 3. Nf3 Nc6 4. d4 exd4 5. Nxd4 Bb4 6. Qd3 O-O 7. Bg5 Ne5 8.
Qc2 h6 9. h4 Nxc4 10. O-O-O d5 11. Nxd5 Qxd5 12. Bxf6 Nd6 13. Nb3 Qe4 14. Qxe4
Nxe4 15. Bd4 c5 16. Be3 Be6 17. g3 Rfe8 18. Bh3 Bc4 19. Rd7 Nxg3 20. fxg3 Rxe3
21. Bg2 Rxe2 22. Bxb7 Rae8 23. Bd5 Bxd5 24. Rxd5 Re1+ 25. Rxe1 Rxe1+ 26. Kc2
Re2+ 27. Kc1 c4 28. Nd4 Rg2 29. Nf5 c3 30. bxc3 Bxc3 31. Rd3 Be5 32. a4 g6 33.
Nxh6+ Kg7 34. Nxf7 Kxf7 35. Rd7+ Ke6 36. Rxa7 Bxg3 37. h5 gxh5 38. a5 h4 39.
Rh7 Ra2 40. a6 Kf5 41. a7 Kg4 0-1

[Event "XI Open A"]
[Site "Genova ITA"]
[Date "2008.08.11"]
[Round "2"]
[White "Brun, Dario"]
[Black "Godena, Michele"]
[Result "0-1"]
[WhiteElo "2245"]
[BlackElo "2519"]
[PlyCount "60"]
[EventDate "2008.08.11"]

1. d4 d5 2. c4 e6 3. Nc3 Bb4 4. Nf3 Ne7 5. cxd5 exd5 6. Bg5 h6 7. Bf4 O-O 8.
Rc1 Ng6 9. Bg3 c6 10. e3 Bf5 11. Qb3 Qb6 12. Be2 Nd7 13. O-O Be7 14. Nd2 Rfc8
15. f3 Be6 16. Rfd1 Bg5 17. Bf2 Bh4 18. Na4 Bxf2+ 19. Kxf2 Qc7 20. Kg1 Re8 21.
Qc3 Re7 22. b4 a6 23. Nc5 Rae8 24. a4 Bh3 25. Nf1 Nf4 26. exf4 Rxe2 27. gxh3
Qxf4 28. Nxd7 Qh4 29. Nf6+ gxf6 30. Ng3 Qxh3 0-1